000 01274nam a22003978i 4500
999 _c2605
_d2605
001 023245613
003 UkOxU
005 20230731093556.0
008 210621s2021 enk 000|0|eng|d
015 _aGBC198517
_2bnb
016 7 _a020235338
_2Uk
020 _a9781108921695
035 _a(Uk)020235338
035 _a(StEdALDL)1/4058268
040 _aStDuBDS
_beng
_erda
_cStDuBDS
_dKH8
049 _aCROBAR
082 0 4 _a372.652 ALT
100 1 _aAltamirano, Annie,
_eauthor.
245 1 0 _aCambridge global English.
_n8,
_pTeacher's resource /
_cAnnie Altamirano [and five others].
250 _aSecond edition.
263 _a202108
264 1 _aCambridge :
_bCambridge University Press,
_c2021.
300 _a1 volume ;
_c30 cm
336 _atext
_2rdacontent
337 _aunmediated
_2rdamedia
338 _avolume
_2rdacarrier
500 _aIncludes digital access.
650 0 _aEnglish language
_xStudy and teaching (Elementary)
_xForeign speakers.
650 0 _aEnglish language
_xStudy and teaching (Secondary)
_xForeign speakers.
700 _aMabbott, Nicola,
_eauthor.
700 _aLittle, Mark,
_eauthor.
700 _aHubbard, Bob,
_eauthor.
700 _aBarker, Chris,
_eauthor.
700 _aMitchell, Libby,
_eauthor.
942 _2ddc
_cTR